000 00718nam a22002297a 4500
003 DO-SdBNP
005 20220719101329.0
007 ta
008 220301b2018 dr ||||fr|||| 001 0 spa d
020 _a9789945169140
040 _aDO-SdBNP
_bspa
_cBNPHU
082 4 _222
_bD542r
100 1 _aDíaz, Leonardo
_971379
245 1 0 _a Reflexiones filosóficas :
_bartículos sobre ética, política y filosofía /
_cLeonardo Díaz.
260 _aSanto Domingo :
_bBúho,
_c2018.
300 _a124 p. ;
_c28 cm.
590 _aInventariado, 2022 /LP
650 4 _95464
_aReflexiones (Filosofía)
650 4 _949973
_aÉtica
_vReflexiones (filosofía)
_xAspectos Morales
910 _aLopérez.
942 _2ddc
_cLBS1
999 _c51427
_d51427